Géographie Physique de la France - Statistiques

Statistiques générales
  • Ce quiz a été pris 541 fois
  • Le résultat moyen est 17 sur 20
Statistiques - réponses
Hint Réponse % Correct
Superficie de la France métropolitaine 551 695 km2
98%
Nombre d'arrondissements parisiens 20
97%
Altitude du Mont Blanc 4808 m
97%
Plus long fleuve français La Loire
97%
Capitale de la moutarde Dijon
96%
Nombre de communes (estimé) 36 000
95%
Mer bordant Aigues-Mortes Méditerranée
95%
Côte d'.... Azur
94%
Île de....
92%
Île d'.... Oléron
91%
Plus haut sommet du Jura Crêt de la Neige
89%
Département correspondant au numéro 80 Somme
88%
Je suis une ville réputée pour mes pruneaux Agen
86%
Golfe du.... Lion
85%
Golfe de.... Gascogne
83%
Préfecture de la Vendée La Roche-sur-Yon
78%
Capitale du parfum Grasse
76%
Préfecture des Vosges Épinal
74%
Préfecture du Gard Nîmes
73%
Préfecture du Gers Auch
57%
Aucun quiz correspondant
Distribution des résultats
% des personnes avec chaque résultat
Percentile par nombre de réponses
Votre historique - résultats
Vous n’avez pas pris ce quiz